Catálogo
 En Linea

Compendio de teología cristiana / (Registro nro. 25628)

Detalles MARC
000 -CABECERA
campo de control de longitud fija 00763nam a2200253 a 4500
001 - NÚMERO DE CONTROL
campo de control 000026136
005 - FECHA Y HORA DE LA ÚLTIMA TRANSACCIÓN
campo de control 20200930024331.0
008 - DATOS DE LONGITUD FIJA--INFORMACIÓN GENERAL
campo de control de longitud fija 101013s1968 sp 000 | spa d
040 ## - FUENTE DE LA CATALOGACIÓN
Centro catalogador/agencia de origen DO-SdBNP
Lengua de catalogación spa
Centro/agencia transcriptor BNPHU
041 ## - CÓDIGO DE LENGUA
Código de lengua del texto/banda sonora o título independiente spa
Código de lengua original fre
Fuente del código Código de idioma MARC
082 ## - NÚMERO DE LA CLASIFICACIÓN DECIMAL DEWEY
Número de clasificación xxx
Número de documento/Ítem E93c, 1968
049 ## - FONDOS LOCALES (OCLC)
Fondos de biblioteca BNGR
100 1# - ENTRADA PRINCIPAL--NOMBRE DE PERSONA
Nombre de persona Evely, Louis ,
9 (RLIN) 53107
240 #0 - TÍTULO UNIFORME
Título uniforme Credo.
Lenguaje de la obra Español
245 10 - MENCIÓN DE TÍTULO
Título Compendio de teología cristiana /
Mención de responsabilidad, etc. Louis Evely; traducción Juan de Benavent.
250 ## - MENCIÓN DE EDICIÓN
Mención de edición 5a ed.
260 ## - PUBLICACIÓN, DISTRIBUCIÓN, ETC.
Lugar de publicación, distribución, etc. Barcelona :
Nombre del editor, distribuidor, etc. Ariel,
Fecha de publicación, distribución, etc. 1968.
300 ## - DESCRIPCIÓN FÍSICA
Extensión 413 p. ;
Dimensiones 19 cm.
490 ## - MENCIÓN DE SERIE
Mención de serie Libro del Nopal
500 ## - NOTA GENERAL
Nota general Incluye índice alfabético
534 ## - NOTA SOBRE LA VERSIÓN ORIGINAL
Encabezamiento principal del original Título original :
-- Credo.
700 1# - PUNTO DE ACCESO ADICIONAL--NOMBRE DE PERSONA
Nombre de persona Benavent, Juan de,
9 (RLIN) 53108
830 #0 - PUNTO DE ACCESO ADICIONAL DE SERIE-TÍTULO UNIFORME
Título uniforme Libro del Nopal
9 (RLIN) 53109
Existencias
Estado de retiro Estado de pérdida Restricciones de uso No para préstamo Código de colección Localización permanente Ubicación/localización actual Ubicación en estantería Fecha de adquisición Número de inventario Total de préstamos Signatura topográfica completa Código de barras Fecha visto por última vez Precio válido a partir de Tipo de ítem Koha
      Excluido de préstamo Monografías: Libros y Folletos General General En catalogación 02.03.2011 LF1   xxx E93c, 1968 26136-10 25.06.2020 25.06.2020 No se presta

Con tecnología Koha